000 00822cam a22002414a 4500
001 11883199
005 20180112100154.0
008 000106s2000 ilua b 001 0 eng
010 _a 00021140
020 _a0925065315 (pbk. : alk. paper)
040 _aDLC
_cDLC
041 _aeng
042 _apcc
080 _a361
082 0 0 _a361 MEE
_221
100 1 _a46
101 _aEDU
245 1 0 _aGeneralist practice in larger settings :
_cThomas M. Meenaghan, W. Eugene Gibbons.
504 _aIncludes bibliographical references (p. 161-165) and index.
906 _a7
_bcbc
_corignew
_d1
_eocip
_f20
_gy-gencatlg
942 _2ddc
_cBK
999 _c40225
_d40225